América Latina: la defensa del Atlántico Sur (I)
Збережено в:
| Формат: | Текст |
|---|---|
| Предмети: | |
| Теги: |
Додати тег
Немає тегів, Будьте першим, хто поставить тег для цього запису!
|
MARC
| LEADER | 00000 a a2200000 04500 | ||
|---|---|---|---|
| 001 | 17572 | ||
| 003 | |||
| 040 | |||
| 245 | |a América Latina: |b la defensa del Atlántico Sur (I) | ||
| 650 | |a ACUERDOS INTERNACIONALES | ||
| 650 | |a AMERICA DEL SUR | ||
| 773 | |g volumen 1, número 31; páginas 169 | ||
| 999 | |c 35981 |d 35981 | ||
| 773 | 0 | |0 42391 |9 3940 |a Agencia Latinoamericana de Información, ALAI |d Quito, Ecuador: ALAI |o 03982 |t ALAI: |x 08275564 (Servicio mensual de información y documentación) | |
